000 00565nam a2200181Ia 4500
999 _c10538
_d10538
003 OSt
005 20191226120124.0
008 190216s9999||||xx |||||||||||||| ||und||
020 _a978007118875
040 _coclc
082 _a330.015195
_bDOW/I
100 _a Dowling, Edward T
_9772
245 0 _aIntroduction To Mathematicals Economics /
_c Edward T Dowling
260 _bMcgraw-Hill International Edition,
_c2001.
_aNew Delhi:
300 _a523 p
650 _aEconomics
942 _cBK
_2ddc
_h330.015195
_iDOW/I
_k330.015195
_mDOW/I